Derecho privado romano

Uloženo v:
Podrobná bibliografie
Hlavní autor: Fuenteseca, Pablo (Autor)
Médium: Kniha
Jazyk:španělština
Vydáno: Madrid E. Sánchez A 1978
Témata:
Tagy: Přidat tag
Žádné tagy, Buďte první, kdo vytvoří štítek k tomuto záznamu!

MARC

LEADER 00000nam a2200000 a 4500
001 UCV3369
003 CL-VaPUC
008 930603e19780000SP |||||||||||||||||spa|d
082 0 4 |a 340.54  |b FUE  |2 21 
100 0 |a Fuenteseca, Pablo  |e author  |9 297628 
245 1 0 |a Derecho privado romano 
300 |a 614 p 
942 |c BK 
945 |d 19930603 00:00:00 
260 |a Madrid  |b E. Sánchez A  |c 1978 
650 0 |a Derecho romano  |9 255930 
583 |a last modification  |c 19930603 00:00:00  |k Rodrigo Vera 
999 |c 210609  |d 210607 
952 |0 0  |1 0  |4 0  |6 340_540000000000000_FUE_1978  |7 0  |8 A  |9 186964  |a BIBDER  |b BIBDER  |d 2019-11-14  |i 2546213  |o 340.54 FUE 1978  |p 2546213  |r 2023-01-25  |w 2019-11-14  |y BK  |k DER 
952 |0 0  |1 0  |4 0  |6 340_540000000000000_FUE_1978  |7 0  |8 DER_ROM  |9 186965  |a BIBDER  |b BIBDER  |d 2019-11-14  |i 1894404  |o 340.54 FUE 1978  |p 1894404  |r 2023-01-25  |w 2019-11-14  |x Ubicación 4to piso  |y BK  |z Este recurso debe solicitarse con anticipación  |k DER